000
00300nam a22001337a 4500
008
181203b xxu||||| |||| 00| 0 eng d
020
_a
2900077228933
041
_a
eng
080
_2
12 TH
_a
338
100
_a
54
101
_a
MAN
245
_a
Operations Management
_c
Jacobs.F.R
942
_2
udc
_c
BK
999
_c
52711
_d
52711